Salta al contenuto

Самолеты, воздушные змеи и воздушные шары своими руками

Знаете ли вы, насколько разнообразны летающие игрушки? Из бумаги и других подручных материалов можно сконструировать разнообразные самолеты, воздушные шары и воздушных змеев. Эта книга поможет сделать летающие игрушки своими руками и запустить их в небо....

Descrizione completa

Salvato in:
Dettagli Bibliografici
Autore principale: Прошина, Е. В. (070)
Natura: Книга
Soggetti:
Accesso online:Перейти к просмотру издания
Tags: Aggiungi Tag
Nessun Tag, puoi essere il primo ad aggiungerne! !
LEADER 02048nam0a2200385 4500
001 RU/IPR SMART/70921
856 4 |u https://www.iprbookshop.ru/70921.html  |z Перейти к просмотру издания 
801 1 |a RU  |b IPR SMART  |c 20250903  |g RCR 
010 |a 978-5-386-06470-9 
205 |a Самолеты, воздушные змеи и воздушные шары своими руками  |b Весь срок охраны авторского права 
333 |a Весь срок охраны авторского права 
100 |a 20250903d2013 k y0rusy01020304ca 
105 |a y j 000zy 
101 0 |a rus 
102 |a RU 
200 1 |a Самолеты, воздушные змеи и воздушные шары своими руками  |f Е. В. Прошина 
700 1 |a Прошина,   |b Е. В.  |4 070 
330 |a Знаете ли вы, насколько разнообразны летающие игрушки? Из бумаги и других подручных материалов можно сконструировать разнообразные самолеты, воздушные шары и воздушных змеев. Эта книга поможет сделать летающие игрушки своими руками и запустить их в небо. 
210 |a Москва  |c РИПОЛ классик  |d 2013 
610 1 |a бумажная конструкция 
610 1 |a бумажный самолет 
610 1 |a воздушный змей 
610 1 |a воздушный шар 
610 1 |a планирующий самолет 
610 1 |a поделка 
610 1 |a каркас модели 
675 |a 688.7 
686 |a 37.248  |2 rubbk 
300 |a Книга находится в премиум-версии IPR SMART. 
106 |a s 
230 |a Электрон. дан. (1 файл) 
336 |a Текст 
337 |a электронный 
503 0 |a Доступна эл. версия. IPR SMART 
215 |a 264 с. 
Cannot write session to /tmp/vufind_sessions/sess_i6gejdcc7s9c5b35p0mleps5gp